[Event "Moscow op-A 16th"]
[Site "Moscow"]
[Date "2020.01.30"]
[Round "6"]
[White "Hylkema, Remco"]
[Black "Nazarov, Denis"]
[Result "1-0"]
[WhiteElo "1927"]
[BlackElo "2146"]
[PlyCount "55"]
[EventDate "2020.01.25"]
[EventType "swiss"]
[EventRounds "9"]
[EventCountry "RUS"]
[SourceTitle "CBM 194 Extra"]
[Source "ChessBase"]
[SourceDate "2020.03.31"]
[SourceVersion "1"]
[SourceVersionDate "2020.03.31"]
[SourceQuality "1"]

1. d4 d5 2. c4 dxc4 3. Nf3 a6 4. a4 Nf6 5. e3 e6 6. Bxc4 c5 7. 0-0 Qc7 8. Qe2 Nbd7 9. Bd2 b6 10. Rc1 Bb7 11. b4 Bd6 12. b5 axb5 13. Bxb5 g5 14. Na3 Ng4 15. h3 Ngf6 16. Nc4 g4 17. hxg4 Nxg4 18. dxc5 Bxc5 19. Bc3 Rg8 20. Be5 Qd8 21. Nd6+ Bxd6 22. Bxd6 Qf6 23. e4 Qg6 24. Rc7 Bc8 25. Rac1 Kd8 26. Bxd7 Bxd7 27. Qc4 Ne5 28. Rxd7+ 1-0

[Event "Moscow op-A 16th"]
[Site "Moscow"]
[Date "2020.01.26"]
[Round "2"]
[White "Gitelson, Arkady"]
[Black "Hylkema, Remco"]
[Result "1-0"]
[WhiteElo "2314"]
[BlackElo "1927"]
[PlyCount "73"]
[EventDate "2020.01.25"]
[EventType "swiss"]
[EventRounds "9"]
[EventCountry "RUS"]
[SourceTitle "CBM 194 Extra"]
[Source "ChessBase"]
[SourceDate "2020.03.31"]
[SourceVersion "1"]
[SourceVersionDate "2020.03.31"]
[SourceQuality "1"]

1. Nf3 d5 2. g3 Nf6 3. Bg2 Bf5 4. 0-0 e6 5. c4 c6 6. d4 Be7 7. Nc3 0-0 8. Nd2 Nbd7 9. Re1 Re8 10. e4 dxe4 11. Ndxe4 Nxe4 12. Nxe4 Nb6 13. b3 Bb4 14. Bd2 Bxd2 15. Qxd2 Bxe4 16. Bxe4 Qf6 17. Qe3 Red8 18. Rad1 Rd7 19. Rd3 Rad8 20. Red1 g6 21. f4 h5 22. a4 Nc8 23. Bg2 Ne7 24. Qf2 a6 25. h3 Nf5 26. d5 exd5 27. cxd5 Ne7 28. Qb6 h4 29. gxh4 Qxh4 30. dxc6 Rxd3 31. Qxd8+ Rxd8 32. Rxd8+ Kg7 33. cxb7 Qe1+ 34. Kh2 Nf5 35. b8Q Qg3+ 36. Kh1 Qf2 37. Qe5+ 1-0

[Event "Moscow op-A 16th"]
[Site "Moscow"]
[Date "2020.01.25"]
[Round "1"]
[White "Hylkema, Remco"]
[Black "Grachev, Alexey1111"]
[Result "1/2-1/2"]
[WhiteElo "1927"]
[BlackElo "2301"]
[PlyCount "77"]
[EventDate "2020.01.25"]
[EventType "swiss"]
[EventRounds "9"]
[EventCountry "RUS"]
[SourceTitle "CBM 194 Extra"]
[Source "ChessBase"]
[SourceDate "2020.03.31"]
[SourceVersion "1"]
[SourceVersionDate "2020.03.31"]
[SourceQuality "1"]

1. d4 Nf6 2. Nf3 g6 3. c4 Bg7 4. Nc3 d5 5. cxd5 Nxd5 6. g3 Nb6 7. Bg2 Nc6 8. 0-0 Nxd4 9. Nxd4 Qxd4 10. Qxd4 Bxd4 11. Nb5 Be5 12. Bf4 Bxf4 13. gxf4 Kd8 14. Rfd1+ Nd7 15. Rac1 c6 16. Nd4 a5 17. Rc3 e6 18. Ra3 Ke7 19. b4 a4 20. Nb3 Ra6 21. Nd4 Rd8 22. b5 cxb5 23. Nxb5 Ra5 24. Rb1 Nc5 25. Rc3 b6 26. Na3 Ba6 27. Bf1 Rd6 28. e3 Bxf1 29. Kxf1 Ne4 30. Rc7+ Kd8 31. Rbc1 Rd1+ 32. Rxd1+ Kxc7 33. Rc1+ Rc5 34. Rd1 b5 35. Rd4 Nc3 36. Rb4 Nxa2 37. Nxb5+ Kc6 38. Rxa4 Rxb5 39. Rxa2 1/2-1/2

[Event "Utrecht OKU op 43rd"]
[Site "Utrecht"]
[Date "2016.06.03"]
[Round "1"]
[White "Hylkema, Remco"]
[Black "Van Foreest, Lucas"]
[Result "0-1"]
[WhiteElo "1986"]
[BlackElo "2375"]
[PlyCount "49"]
[EventDate "2016.06.03"]
[EventType "swiss"]
[EventRounds "6"]
[EventCountry "NED"]
[SourceTitle "CBM 172 Extra"]
[Source "ChessBase"]
[SourceDate "2016.06.21"]
[SourceVersion "1"]
[SourceVersionDate "2016.06.21"]
[SourceQuality "1"]

1. d4 Nf6 2. c4 e6 3. Nf3 d5 4. Nc3 c6 5. cxd5 exd5 6. Bg5 Be7 7. e3 Bf5 8. Bd3 Bxd3 9. Qxd3 Nbd7 10. 0-0 0-0 11. Rfd1 Ne4 12. Bxe7 Qxe7 13. a3 a5 14. Rac1 f5 15. Ne2 Rf6 16. Qb3 Rb8 17. Nf4 Rh6 18. Nd3 Kh8 19. Nfe5 Nxe5 20. Nxe5 Rf8 21. g3 Kg8 22. f3 Ng5 23. Rc5 a4 24. Qxa4 Nxf3+ 25. Kg2 0-1

[Event "Vlissingen HZ op 15th"]
[Site "Vlissingen"]
[Date "2011.08.03"]
[Round "6"]
[White "Tiggelman, Rene"]
[Black "Hylkema, Remco"]
[Result "0-1"]
[WhiteElo "2233"]
[BlackElo "2039"]
[PlyCount "102"]
[EventDate "2011.07.30"]
[EventType "swiss"]
[EventRounds "9"]
[EventCountry "NED"]
[SourceTitle "CBM 143 Extra"]
[Source "ChessBase"]
[SourceDate "2011.08.29"]
[SourceVersion "1"]
[SourceVersionDate "2011.08.29"]
[SourceQuality "1"]

1. d4 d5 2. Nf3 Nf6 3. c4 c6 4. Qc2 dxc4 5. Qxc4 Bf5 6. g3 e6 7. Bg2 Nbd7 8. 0-0 Be7 9. Nc3 0-0 10. e3 Ne4 11. Nd2 Nxd2 12. Bxd2 e5 13. d5 Nb6 14. Qb3 Bd3 15. Rfd1 c5 16. e4 c4 17. Qb5 a6 18. Qa5 Bd6 19. Be3 Bc7 20. Bf1 Nc8 21. Qa4 Bxf1 22. Rxf1 Nd6 23. Qc2 b5 24. a3 Bb6 25. Qe2 Bd4 26. f3 Qb6 27. Rae1 Rfe8 28. Kg2 a5 29. Bc1 b4 30. Na4 Qb5 31. Qd1 b3 32. Nc3 Bxc3 33. bxc3 Rab8 34. Bb2 f6 35. g4 a4 36. h4 Nb7 37. g5 Nc5 38. gxf6 Nd3 39. f4 gxf6 40. Qg4+ Kh8 41. Qf5 Rg8+ 42. Kh2 Qb6 43. fxe5 Nxe1 44. Rxe1 fxe5 45. Bc1 Rg7 46. Bg5 Kg8 47. Rf1 Qg6 48. Qxe5 Re8 49. Qg3 h6 50. e5 hxg5 51. d6 gxh4 0-1

[Event "Vlissingen HZ op 15th"]
[Site "Vlissingen"]
[Date "2011.07.31"]
[Round "2"]
[White "De Jong, Migchiel"]
[Black "Hylkema, Remco"]
[Result "1-0"]
[WhiteElo "2376"]
[BlackElo "2039"]
[PlyCount "63"]
[EventDate "2011.07.30"]
[EventType "swiss"]
[EventRounds "9"]
[EventCountry "NED"]
[SourceTitle "CBM 143 Extra"]
[Source "ChessBase"]
[SourceDate "2011.08.29"]
[SourceVersion "1"]
[SourceVersionDate "2011.08.29"]
[SourceQuality "1"]

1. e4 c5 2. Nf3 e6 3. d4 cxd4 4. Nxd4 a6 5. Nc3 b5 6. Bd3 Qb6 7. Nf3 Nc6 8. 0-0 Qb8 9. Re1 Bb7 10. e5 d5 11. Bf4 h6 12. Bg3 Qd8 13. a4 b4 14. Ne2 Bc5 15. Nf4 Qd7 16. Qe2 Nge7 17. Nh5 Kf8 18. Nh4 Bd4 19. Rab1 g6 20. Nf6 Qc8 21. Nf3 Bb6 22. c3 a5 23. Rec1 Qd8 24. h4 Nf5 25. Bxf5 gxf5 26. Bf4 Ke7 27. Qd2 Bc7 28. cxb4 axb4 29. Rxc6 Bxc6 30. Qxb4+ Bd6 31. exd6+ Kxf6 32. Qc3+ 1-0

[Event "Nachod op 9th"]
[Site "Nachod"]
[Date "2011.07.07"]
[Round "6.16"]
[White "Kraus, Ondrej"]
[Black "Hylkema, Remco"]
[Result "1-0"]
[WhiteElo "1969"]
[BlackElo "2039"]
[PlyCount "101"]
[EventDate "2011.07.02"]
[EventType "swiss"]
[EventRounds "9"]
[EventCountry "CZE"]
[SourceTitle "EXT 2012"]
[Source "ChessBase"]
[SourceDate "2011.11.24"]
[SourceVersion "1"]
[SourceVersionDate "2011.11.24"]
[SourceQuality "1"]

1. d4 d5 2. c4 c6 3. Nf3 Nf6 4. e3 Bg4 5. Nc3 e6 6. Be2 Nbd7 7. 0-0 Bd6 8. h3 Bxf3 9. Bxf3 dxc4 10. Qe2 Nb6 11. Rd1 Qc7 12. e4 e5 13. dxe5 Bxe5 14. g3 0-0 15. Be3 Nbd7 16. Bg2 Bxc3 17. bxc3 Ne5 18. Bf4 b5 19. Rd4 Rfe8 20. Rad1 Qb6 21. Bxe5 Rxe5 22. Kh2 Rae8 23. f4 R5e6 24. e5 g6 25. g4 c5 26. R4d2 h6 27. Qf2 Nh7 28. Rd7 R6e7 29. R1d6 Qa5 30. Rxe7 Rxe7 31. Qxc5 Qxc3 32. Rd8+ Kg7 33. Qxe7 Qe3 34. Qh4 g5 35. Qg3 gxf4 36. Qxe3 fxe3 37. Kg1 Ng5 38. Kf1 Ne6 39. Rc8 Nf4 40. Be4 h5 41. gxh5 Kh6 42. Rh8+ Kg5 43. h6 Nxh3 44. Rg8+ Kxh6 45. Rh8+ Kg5 46. Rxh3 Kf4 47. Bc2 Kxe5 48. Ke2 Kd4 49. Rxe3 b4 50. Kd2 a5 51. Rf3 1-0

[Event "Nachod op 9th"]
[Site "Nachod"]
[Date "2011.07.05"]
[Round "4.10"]
[White "Horak, Jiri"]
[Black "Hylkema, Remco"]
[Result "1-0"]
[WhiteElo "2256"]
[BlackElo "2039"]
[PlyCount "45"]
[EventDate "2011.07.02"]
[EventType "swiss"]
[EventRounds "9"]
[EventCountry "CZE"]
[SourceTitle "EXT 2012"]
[Source "ChessBase"]
[SourceDate "2011.11.24"]
[SourceVersion "1"]
[SourceVersionDate "2011.11.24"]
[SourceQuality "1"]

1. d4 d5 2. c4 c6 3. Nc3 Nf6 4. e3 e6 5. Nf3 Nbd7 6. a3 b6 7. cxd5 exd5 8. Bd3 Bb7 9. 0-0 Be7 10. Ne5 0-0 11. f4 c5 12. Qf3 a6 13. Qh3 h6 14. Qf5 Nxe5 15. fxe5 Ne4 16. Nxe4 dxe4 17. Bxe4 Bxe4 18. Qxe4 f6 19. e6 f5 20. Rxf5 Rxf5 21. Qxf5 cxd4 22. Bd2 Qd6 23. Bb4 1-0

[Event "Spijkenisse op"]
[Site "Spijkenisse"]
[Date "2010.05.16"]
[Round "5"]
[White "Hylkema, Remco"]
[Black "Schroer, Marcel"]
[Result "0-1"]
[WhiteElo "2009"]
[BlackElo "2065"]
[PlyCount "36"]
[EventDate "2010.05.14"]
[EventType "swiss"]
[EventRounds "6"]
[EventCountry "NED"]
[SourceTitle "CBM 136 Extra"]
[Source "ChessBase"]
[SourceDate "2010.07.02"]
[SourceVersion "2"]
[SourceVersionDate "2010.07.15"]
[SourceQuality "1"]

1. d4 Nf6 2. c4 e6 3. Nf3 d5 4. Nc3 Bb4 5. Qb3 c5 6. e3 Nc6 7. a3 Bxc3+ 8. bxc3 0-0 9. a4 Re8 10. Ba3 cxd4 11. cxd4 Qa5+ 12. Nd2 e5 13. dxe5 Ne4 14. Ra2 Be6 15. Bc1 Nxe5 16. f3 dxc4 17. Qc2 Nd3+ 18. Ke2 Nc3+ 0-1

[Event "Spijkenisse op"]
[Site "Spijkenisse"]
[Date "2010.05.15"]
[Round "4"]
[White "Van de Griend, Johan"]
[Black "Hylkema, Remco"]
[Result "1-0"]
[WhiteElo "1851"]
[BlackElo "2009"]
[PlyCount "95"]
[EventDate "2010.05.14"]
[EventType "swiss"]
[EventRounds "6"]
[EventCountry "NED"]
[SourceTitle "CBM 136 Extra"]
[Source "ChessBase"]
[SourceDate "2010.07.02"]
[SourceVersion "2"]
[SourceVersionDate "2010.07.15"]
[SourceQuality "1"]

1. e4 c5 2. Nf3 e6 3. d4 cxd4 4. Nxd4 a6 5. Nc3 b5 6. Be3 Bb7 7. f3 Qc7 8. Qd2 Nf6 9. Be2 Nc6 10. a3 Rc8 11. Rd1 Qb8 12. Nb3 d6 13. 0-0 Be7 14. f4 h5 15. f5 Ne5 16. fxe6 fxe6 17. Nd4 Kf7 18. Nf3 Nxf3+ 19. Bxf3 Qc7 20. Qf2 Rcf8 21. Qg3 h4 22. Qh3 Bc8 23. Bg4 Re8 24. e5 dxe5 25. Ne4 Qxc2 26. Ng5+ Kf8 27. Rc1 Qxb2 28. Bxe6 Bb7 29. Rf2 Qxa3 30. Bd7 Qb3 31. Bxe8 Kxe8 32. Rd2 Ng4 33. Re1 Bc8 34. Qf3 Rh6 35. Ne4 Nxe3 36. Rxe3 Qb4 37. Red3 a5 38. h3 Be6 39. Qe3 Bc4 40. Rd7 a4 41. Kh2 a3 42. Qa7 Re6 43. Qa8+ Kf7 44. Rf2+ Kg6 45. Qe8+ Kh7 46. Rf5 Rh6 47. Rxe7 Bd5 48. Ng5# 1-0

[Event "Utrecht OKU op"]
[Site "Utrecht"]
[Date "2009.06.05"]
[Round "1"]
[White "Solodovnichenko, Yuri"]
[Black "Hylkema, Remco"]
[Result "1-0"]
[WhiteElo "2564"]
[BlackElo "2075"]
[PlyCount "91"]
[EventDate "2009.06.05"]
[EventType "swiss"]
[EventRounds "6"]
[EventCountry "NED"]
[SourceTitle "CBM 130 Extra"]
[Source "ChessBase"]
[SourceDate "2009.07.02"]
[SourceVersion "2"]
[SourceVersionDate "2009.07.15"]
[SourceQuality "1"]

1. g3 Nf6 2. Bg2 d5 3. d3 e5 4. Nd2 c6 5. e4 Bd6 6. Ngf3 0-0 7. 0-0 h6 8. h3 Nbd7 9. Re1 Re8 10. Nh4 Nf8 11. Qf3 Ne6 12. Kh2 Nd4 13. Qd1 Rb8 14. c3 Nb5 15. Qf3 Bf8 16. Nf1 dxe4 17. dxe4 Nd6 18. b3 g5 19. Nf5 Bxf5 20. exf5 e4 21. Qe3 Nxf5 22. Qxa7 Qc7 23. Ne3 Ra8 24. Qxa8 Rxa8 25. Nxf5 Qe5 26. Nd4 c5 27. Nb5 c4 28. bxc4 Qc5 29. Be3 Qxc4 30. Bf1 Qc6 31. c4 Nd7 32. Nd4 Qg6 33. Rab1 Rxa2 34. Rxb7 Nc5 35. Rb5 f5 36. Be2 Bd6 37. Kh1 Ra8 38. Rd1 Bf8 39. Rdb1 Rc8 40. Nxf5 Nd3 41. Bg4 Rxc4 42. Rb8 Qf6 43. R8b6 Rc6 44. Bd4 Qg6 45. Rb8 Qf7 46. R1b7 1-0

[Event "Ostrava op"]
[Site "Ostrava"]
[Date "2009.05.08"]
[Round "7"]
[White "Hylkema, Remco"]
[Black "Cupek, Martin"]
[Result "0-1"]
[WhiteElo "2075"]
[BlackElo "2020"]
[PlyCount "78"]
[EventDate "2009.05.02"]
[EventType "swiss"]
[EventRounds "9"]
[EventCountry "CZE"]
[SourceTitle "EXT 2011"]
[Source "ChessBase"]
[SourceDate "2010.11.26"]
[SourceVersion "1"]
[SourceVersionDate "2010.11.26"]
[SourceQuality "1"]

1. d4 d5 2. c4 c6 3. Nf3 Nf6 4. e3 e6 5. Nbd2 dxc4 6. Nxc4 b5 7. Nce5 a6 8. a4 Bb7 9. Bd3 Nbd7 10. 0-0 Bd6 11. Nxd7 Nxd7 12. Qe2 0-0 13. e4 e5 14. Bg5 Qb8 15. h3 exd4 16. Nxd4 c5 17. Nf5 c4 18. Nxd6 Qxd6 19. Bc2 Bc6 20. Rfd1 Qe6 21. Bd2 f5 22. Bb4 Rf6 23. Rd6 Qe5 24. f4 Qxf4 25. Rf1 Qe5 26. Rxf6 Nxf6 27. Rxf5 Qd4+ 28. Kh1 Qxb2 29. e5 Ne4 30. Bxe4 Qxe2 31. Bxc6 Qd3 32. Rf3 Qd1+ 33. Kh2 Rc8 34. axb5 g5 35. e6 a5 36. Bc5 Qe2 37. e7 Qe5+ 38. g3 Qxc5 39. Bd7 Qxe7 0-1

[Event "Ostrava op"]
[Site "Ostrava"]
[Date "2009.05.06"]
[Round "5"]
[White "Hylkema, Remco"]
[Black "Habada, Jindrich"]
[Result "1-0"]
[WhiteElo "2075"]
[BlackElo "1910"]
[PlyCount "57"]
[EventDate "2009.05.02"]
[EventType "swiss"]
[EventRounds "9"]
[EventCountry "CZE"]
[SourceTitle "EXT 2011"]
[Source "ChessBase"]
[SourceDate "2010.11.26"]
[SourceVersion "1"]
[SourceVersionDate "2010.11.26"]
[SourceQuality "1"]

1. d4 Nf6 2. c4 e6 3. Nf3 Bb4+ 4. Nbd2 b6 5. a3 Bxd2+ 6. Qxd2 0-0 7. e3 Bb7 8. Bd3 Ne4 9. Qc2 f5 10. b4 d6 11. Bb2 Qe8 12. d5 exd5 13. cxd5 Bxd5 14. Qxc7 Rf7 15. Qc2 Nd7 16. Rc1 Ndf6 17. 0-0 b5 18. Nd4 a6 19. f3 Ng5 20. Nxf5 Qd7 21. e4 Bb7 22. Qd2 Ne6 23. Bb1 Ne8 24. Ba2 a5 25. Rfd1 Ra6 26. bxa5 Bc8 27. Qc3 Qa7+ 28. Kh1 Bd7 29. Nh6+ 1-0

[Event "Ostrava op"]
[Site "Ostrava"]
[Date "2009.05.03"]
[Round "2"]
[White "Azarova, Nadezhda"]
[Black "Hylkema, Remco"]
[Result "1-0"]
[WhiteElo "2320"]
[BlackElo "2075"]
[PlyCount "119"]
[EventDate "2009.05.02"]
[EventType "swiss"]
[EventRounds "9"]
[EventCountry "CZE"]
[SourceTitle "EXT 2011"]
[Source "ChessBase"]
[SourceDate "2010.11.26"]
[SourceVersion "1"]
[SourceVersionDate "2010.11.26"]
[SourceQuality "1"]

1. e4 e5 2. Nf3 Nc6 3. Bc4 Bc5 4. c3 Nf6 5. d3 d6 6. 0-0 h6 7. h3 a6 8. Bb3 Ba7 9. Re1 0-0 10. Nbd2 Ne7 11. Nf1 Ng6 12. Ng3 Re8 13. Nh2 c6 14. Bc2 Be6 15. Nf5 Bxf5 16. exf5 Nh4 17. Ng4 Nxf5 18. d4 e4 19. Nxf6+ Qxf6 20. Rxe4 Rxe4 21. Bxe4 d5 22. Bd3 Re8 23. Bd2 Nd6 24. Qg4 Bb8 25. Re1 Rxe1+ 26. Bxe1 Qe7 27. Bd2 Qe6 28. Qxe6 fxe6 29. f4 Kf7 30. Kf2 Bc7 31. Kf3 b5 32. Be1 Bd8 33. g4 Be7 34. b3 g6 35. Bd2 Bf8 36. Bc1 Nb7 37. c4 b4 38. c5 a5 39. Ba6 Nd8 40. a3 bxa3 41. Bxa3 Bg7 42. Bb2 Ke7 43. h4 g5 44. hxg5 hxg5 45. fxg5 e5 46. dxe5 Ne6 47. Bc8 Nxg5+ 48. Kf4 Ne4 49. Bb7 Nf2 50. Kf5 Nd3 51. Bc3 Nxc5 52. Bxc6 Nxb3 53. Bxd5 a4 54. Bc6 Bf8 55. Bxa4 Nc5 56. Bb5 Kd8 57. g5 Nd7 58. Bxd7 Kxd7 59. e6+ Ke8 60. g6 1-0